00620nam a2200229Ia 45000010006000000050017000060070003000230080041000260200018000670400025000850410008001100820022001181000023001402450084001632500014002472600039002613000022003005040010003226530014003326530016003466530028003622425720240114000758.0ta060407s1978 g b000 u 465 u a0-333-24008-1 aCotton College,Assam a465 a338.91bWa 349 ec aWatts, Nita G.M. . 0aEconomic Relations Between East and West /cNita G.M. Watts.hTextual Documents a1st ed. / aLondon :bMacmillan Press ,c1978. aix,246p. ;c22cm. aIndex aEconomics aG-Economics aInternational Economics